Nalaganje...

ANNUAL REVIEW OF PLANT PHYSIOLOGY

Bibliografske podrobnosti
Format: Printed Book
Izdano: U ANNUAL REVIEWS, INC. 1953
Teme:
LEADER 00516nam a2200205 4500
020
037
082 |a 571.207 6 ARN 
100
245 |a ANNUAL REVIEW OF PLANT PHYSIOLOGY  |h English 
250
260 |a U  |b ANNUAL REVIEWS, INC.  |c 1953 
300 |a 453  |f HB 
500
590
630
650 |a ANNUAL REVIEW OF PLANT PHYSIOLOGY 
942 |c TB 
999 |c 165238  |d 165238 
952 |0 0  |1 0  |4 0  |6 571_207000000000000_6_ARN  |7 0  |9 178688  |a BOT  |b BOT  |l 0  |o 571.207 6 ARN  |p BOT285  |r 2019-10-25  |w 2019-10-25  |y TB